[Event "Nichelino op 16th"]
[Site "Nichelino"]
[Date "2015.10.04"]
[Round "4"]
[White "D'Agostino, Maurizio"]
[Black "Alaimo, Cristian"]
[Result "1/2-1/2"]
[WhiteElo "1967"]
[BlackElo "1938"]
[PlyCount "60"]
[EventDate "2015.10.02"]
[EventType "swiss"]
[EventRounds "5"]
[EventCountry "ITA"]
[SourceTitle "EXT 2018"]
[Source "ChessBase"]
[SourceDate "2017.10.13"]
[SourceVersion "1"]
[SourceVersionDate "2017.10.13"]
[SourceQuality "1"]

1. Nf3 d5 2. c4 c6 3. g3 Nf6 4. Bg2 Bg4 5. Ne5 Bf5 6. cxd5 cxd5 7. Qa4+ Nc6 8. Nc3 Bd7 9. Nxd7 Qxd7 10. d4 e6 11. Bg5 Be7 12. 0-0 h6 13. Bxf6 Bxf6 14. Rfd1 0-0 15. e4 dxe4 16. d5 Ne5 17. Qxd7 Nxd7 18. dxe6 Nc5 19. exf7+ Kxf7 20. Nxe4 Nxe4 21. Bxe4 Bxb2 22. Rab1 Bf6 23. Rxb7+ Kg8 24. Rdd7 a5 25. h4 Rad8 26. Kg2 Rxd7 27. Rxd7 Rd8 28. Ra7 Bc3 29. g4 Rd2 30. Bg6 Rxf2+ 1/2-1/2

[Event "Topusko op 3rd"]
[Site "Topusko"]
[Date "2014.08.15"]
[Round "9"]
[White "Alaimo, Cristian"]
[Black "Petricevic, Petar"]
[Result "1-0"]
[WhiteElo "1851"]
[BlackElo "1962"]
[PlyCount "159"]
[EventDate "2014.08.08"]
[EventType "swiss"]
[EventRounds "9"]
[EventCountry "CRO"]
[SourceTitle "CBM 162 Extra"]
[Source "ChessBase"]
[SourceDate "2014.10.17"]
[SourceVersion "1"]
[SourceVersionDate "2014.10.17"]
[SourceQuality "1"]

1. e4 g6 2. d4 Bg7 3. Be3 d6 4. Bd3 Nc6 5. Ne2 e5 6. c3 Nge7 7. 0-0 0-0 8. d5 Nb8 9. Nd2 f5 10. f4 Nd7 11. Ng3 Nf6 12. fxe5 dxe5 13. exf5 Nfxd5 14. Bc5 gxf5 15. Bc4 c6 16. Qb3 Kh8 17. Bxd5 cxd5 18. Bxe7 Qxe7 19. Rae1 e4 20. Nh5 Be5 21. Nf4 Bxf4 22. Rxf4 Be6 23. Qc2 Rac8 24. Nb3 Qd6 25. Qd2 Qe5 26. Nd4 Rf6 27. Ref1 Bd7 28. Qe3 Re8 29. Kh1 Rh6 30. g3 Rh5 31. Kg2 Re7 32. R1f2 Kg7 33. Qe2 Kg6 34. Qe3 Rg5 35. Rh4 h5 36. Ne2 Rh7 37. Qxa7 Bc6 38. Qe3 Kf6 39. Nd4 Bd7 40. Nb3 Rg4 41. Rf4 Rxh4 42. Rxh4 Kg6 43. Nd4 Be8 44. Ne2 Kf6 45. Qb6+ Qe6 46. Qd8+ Ke5 47. Nf4 Qd7 48. Qb8+ Kf6 49. Qa7 Qb5 50. Qd4+ Kf7 51. Qxd5+ Qxd5 52. Nxd5 Kg6 53. Rf4 Rd7 54. Ne3 Rd2+ 55. Rf2 Rxf2+ 56. Kxf2 Bf7 57. b3 Kf6 58. Nc2 Ke5 59. Ke3 h4 60. Nd4 hxg3 61. hxg3 Be8 62. a4 Bd7 63. a5 Kd5 64. Nc2 Ke5 65. Nb4 Bc8 66. c4 Kd6 67. Kd4 Kc7 68. Nd5+ Kd6 69. b4 Be6 70. Ne3 Bd7 71. b5 Kc7 72. Kc5 Bc8 73. Nd5+ Kb8 74. Kb6 Be6 75. Ne3 Bc8 76. a6 bxa6 77. bxa6 Be6 78. a7+ Ka8 79. Nd5 Bxd5 80. cxd5 1-0

[Event "Topusko op 3rd"]
[Site "Topusko"]
[Date "2014.08.08"]
[Round "1"]
[White "Alaimo, Cristian"]
[Black "Radulovic, Bojan"]
[Result "0-1"]
[WhiteElo "1851"]
[BlackElo "2237"]
[PlyCount "102"]
[EventDate "2014.08.08"]
[EventType "swiss"]
[EventRounds "9"]
[EventCountry "CRO"]
[SourceTitle "CBM 162 Extra"]
[Source "ChessBase"]
[SourceDate "2014.10.17"]
[SourceVersion "1"]
[SourceVersionDate "2014.10.17"]
[SourceQuality "1"]

1. e4 c5 2. Nf3 Nc6 3. d4 cxd4 4. Nxd4 Qb6 5. Nb3 Nf6 6. Bd3 d6 7. Be3 Qc7 8. 0-0 e5 9. c4 Nb4 10. Nc3 b6 11. Nd5 Nfxd5 12. cxd5 Nxd3 13. Qxd3 Be7 14. Rac1 Qd7 15. Rc2 Qa4 16. Rc4 Ba6 17. Rxa4 Bxd3 18. Rd1 Bb5 19. Rb4 Bd7 20. Rc4 Bd8 21. f4 f6 22. Nd2 b5 23. Rc2 a5 24. Nf3 0-0 25. fxe5 fxe5 26. Ng5 Re8 27. Rf1 Rc8 28. Rxc8 Bxc8 29. Rc1 Bd7 30. Ne6 Bxe6 31. dxe6 Kf8 32. Rf1+ Bf6 33. g4 Kg8 34. g5 Bd8 35. Rf7 Rxe6 36. Rb7 b4 37. Kf2 Re7 38. Rb8 Re8 39. Kf3 Kf7 40. h4 Be7 41. Rxe8 Kxe8 42. Bb6 Bd8 43. Ba7 Kd7 44. Ke3 Kc6 45. Kd3 g6 46. Kc4 Bb6 47. Bxb6 Kxb6 48. a3 bxa3 49. bxa3 Kc6 50. a4 d5+ 51. exd5+ Kd6 0-1

[Event "Nichelino op-B 14th"]
[Site "Nichelino"]
[Date "2013.10.05"]
[Round "3"]
[White "Gallo, Ivan"]
[Black "Alaimo, Cristian"]
[Result "0-1"]
[WhiteElo "1755"]
[BlackElo "1578"]
[PlyCount "54"]
[EventDate "2013.10.04"]
[EventType "swiss"]
[EventRounds "5"]
[EventCountry "ITA"]
[SourceTitle "EXT 2024"]
[Source "ChessBase"]
[SourceDate "2023.10.10"]
[SourceVersion "1"]
[SourceVersionDate "2023.10.10"]
[SourceQuality "1"]

1. f4 d5 2. g3 Nc6 3. Bg2 e5 4. e3 Nf6 5. Nc3 Bg4 6. Nge2 e4 7. h3 Be6 8. d3 exd3 9. cxd3 Bb4 10. a3 Ba5 11. b4 Bb6 12. Na4 h5 13. Nxb6 cxb6 14. Bb2 Rc8 15. b5 Na5 16. Nd4 Qd7 17. Rc1 0-0 18. Rxc8 Rxc8 19. Nxe6 Qxe6 20. Kf2 d4 21. Bxd4 Qa2+ 22. Kg1 Rc2 23. Qf3 Nb3 24. Bxf6 gxf6 25. Kh2 Nd2 26. Qxb7 Rc7 27. Qxc7 Nf3# 0-1